Sports Quiz

Random Sports or World Quiz

Most World Series Wins Quiz Stats

 Plays Quiz not verified by Sporcle

Score 0/14 Timer 03:00
0 Plays Today
# of Titles Team % Correct
27New York Yankees
100%
11St Louis Cardinals
100%
9Boston Red Sox
100%
3Chicago Cubs
100%
3Chicago White Sox
100%
8San Francisco Giants
92.3%
5Cincinnati Reds
92.3%
# of Titles Team % Correct
5Pittsburgh Pirates
92.3%
9Oakland Athletics
84.6%
6Los Angeles Dodgers
84.6%
4Detroit Tigers
84.6%
3Atlanta Braves
84.6%
3Minnesota Twins
84.6%
3Baltimore Orioles
76.9%

You're not logged in!

Compare scores with friends on all Sporcle quizzes.
OR
Log In

Show Comments

Extras

Created May 16, 2019ReportNominate
Tags:World Quiz, last, team, win

Top Quizzes Today


Score Distribution

Your Account Isn't Verified!

In order to create a playlist on Sporcle, you need to verify the email address you used during registration. Go to your Sporcle Settings to finish the process.

Report this User

Report this user for behavior that violates our Community Guidelines.

Details: